MARC

LEADER 00000nam0a2200000 4500
001 322938
005 20231102003525.0
010 |a 5875330104 
035 |a (RuTPU)RU\TPU\book\348496 
035 |a RU\TPU\book\108802 
090 |a 322938 
100 |a 20161006d1994 m y0rusy5003 ca 
101 0 |a rus 
102 |a RU 
105 |a y z 001ab 
200 1 |a Патриарх Никон  |e исторический роман в двух книгах  |f М. А. Филиппов 
210 |a Москва  |a Санкт-Петербург  |c Кучково поле  |c Издательство Буковского  |d 1994 
215 |a 607 с.  |d 22 см 
225 1 |a История Отечества в лицах 
600 0 |a Никон  |c настоящее имя Минов Никита  |c российский патриарх  |f 1605-1681  |2 stltpui  |3 (RuTPU)RU\TPU\pers\338  |9 165 
606 1 |a Русская литература современная  |2 stltpush  |3 (RuTPU)RU\TPU\subj\26373  |9 50316 
610 1 |a художественная литература 
610 1 |a исторические романы 
610 1 |a Россия 
610 1 |a 17 век 
610 1 |a церковь 
675 |a Р2  |v 3 
700 1 |a Филиппов  |b М. А. 
702 1 |a Северцев  |b Г. Т.  |4 070 
801 0 |a RU  |b 63413507  |c 19950413  |g psbo 
801 1 |a RU  |b 63413507  |c 20060831  |g PSBO 
801 2 |a RU  |b 63413507  |c 20210113  |g PSBO 
942 |c BK